000 00434nam a22001697a 4500
003 MACL
005 20151226160513.0
008 151226b xxu||||| |||| 00| 0 eng d
040 _cMACL
041 _aEnglish
082 _a294/SET
100 _aSeth Pepita
_922964
245 _aHeaven on Earth The Universe of Kerala's Guruvayur Temple
260 _aNew Delhi
_bNiyogi books
_c2009
650 _aReligion
_922965
942 _2ddc
_cBK
999 _c52002
_d52002